00567nam a2200145Ia 4500008004100000245014600041260003600187260000900223300000600232650002600238650001200264856005300276999001900329952007300348170516s9999 xx 000 0 und d 2aA Medley of Midbrain Maladies: A Brief Review of Midbrain Anatomy and Syndromology for Radiologists, Kathleen Ruchalski and Gasser M. Hathout bRadiology Research and Practice c2012 a: xRadiologic Technology xRadtech uhttps://www.hindawi.com/journals/rrp/contents/4/ c332100d332100 001040aCLbCLd2017-05-16l0r2017-05-16 00:00:00w2017-05-16yFOJ